Normal view
MARC view
- KOKOTOVIC, P. V, KHALID, H. K
Entry Personal Name
001 - CONTROL NUMBER
- control field: 67130
003 - CONTROL NUMBER IDENTIFIER
- control field: NUST
005 - DATE AND TIME OF LATEST TRANSACTION
- control field: 20210628203740.0
008 - FIXED-LENGTH DATA ELEMENTS
- fixed length control field: 210628|| aca||aabn | a|a d
040 ## - CATALOGING SOURCE
- Original cataloging agency: NUST
- Transcribing agency: NUST
100 ## - HEADING--PERSONAL NAME
- Personal name: KOKOTOVIC, P. V, KHALID, H. K
670 ## - SOURCE DATA FOUND
- Source citation: Work cat.: (NUST): KOKOTOVIC, P. V, KHALID, H. K, SINGULAR PERTURBATIONS IN SYSTEMS AND CONTROL, 1986
